书目信息 |
| 题名: |
西方新闻作品选读
|
|
| 作者: | 黎信 , 曹文秀 选编 | |
| 分册: | ||
| 出版信息: | 北京 中国广播电视出版社 1984.10 |
|
| 页数: | 289页 | |
| 开本: | 20cm | |
| 丛书名: | ||
| 单 册: | ||
| 中图分类: | I15 | |
| 科图分类: | ||
| 主题词: | 报告文学--作品集--世界 | |
| 电子资源: | ||
| ISBN: | ||
| 000 | 00615nam0 2200217 45 | |
| 001 | 0312221749 | |
| 005 | 20040418151252.4 | |
| 010 | @dCNY1.40 | |
| 091 | @a7236.017 | |
| 100 | @a20031222d1984 km y0chiy0120 ea | |
| 101 | @achi | |
| 105 | @a z 000yy | |
| 200 | 1 | @a西方新闻作品选读@AXi Fang Xin Wen Zuo Pin Xuan Du@f黎信,曹文秀选编@FLi Xin,Cao Wen Xiu Xuan Bian |
| 210 | @a北京@c中国广播电视出版社@d1984.10 | |
| 215 | @a289页@d20cm | |
| 606 | 0 | @a报告文学@x作品集@x世界 |
| 690 | @aI15@v3 | |
| 701 | 0 | @a黎信@4选编 |
| 701 | 0 | @a曹文秀@4选编 |
| 801 | @aCN@bTSTCL@c20031222 | |
| 905 | @dI15@e149@f2@b173498-499 | |
| 西方新闻作品选读/黎信,曹文秀选编.-北京:中国广播电视出版社,1984.10 |
| 289页;20cm |
| ISBN :CNY1.40 |
| ● |
| 相关链接 |
|
|
|
|
正题名:西方新闻作品选读
索取号:I15/149
 
预约/预借
| 序号 | 登录号 | 条形码 | 馆藏地/架位号 | 状态 | 备注 |
| 1 | 0173498 | 000087765 | 密集书库/ [索取号:I15/149] | 在馆 | |
| 2 | 0173499 | 000087756 | 第二借阅区/ [索取号:I15/149] | 在馆 | |
| 3 | 0173500 | 000087747 | 第一样本阅览室/ [索取号:I15/149] | 在馆 |